Villanos de Disney #1 - Estadísticas

Estadísticas generales
  • Esta prueba ha sido intentada 208 veces
  • La puntuación promedio es 9 de 16
Estadísticas de respuestas
Imagen Respuesta % Correcto
Maléfica
99%
Scar
95%
Úrsula
95%
El Capitán Garfio
93%
Cruella de Vil
92%
Gastón
88%
Hades
85%
Jafar
81%
Lotso
47%
La Reina de Corazones
42%
La Reina Malvada
32%
Bruce (Buscando a Nemo)
22%
El Dr. Facilier
14%
Chernabog
2%
Pete Pata Palo
2%
Ernesto de la Cruz (Coco)
1%
No se encontraron pruebas coincidentes
Distribución de puntuación
Porcentaje de gente con cada puntuación
Porcentaje por número respondido
Historial de tus puntuaciones
No has intentado esta prueba.